El Berguedà : una comarca d'industrialització antiga / Carme Miralles i Guasch ... [et al.] ; prologat per Antoni Serra i Martí una comarca d'industrialització antiga / Carme Miralles i Guasch ... [et al.] ; prologat per Antoni Serra i Martí
Descripción Física:
XI, 237 p. ; 24 cm
Colección:
Catalunya comarcal
MARC
| LEADER | 00000nam a2200000Ia 4500 | ||
|---|---|---|---|
| 001 | 9064 | ||
| 008 | 160829s1990 xx 000 0 cat d | ||
| 080 | |a M-2-30 | ||
| 245 | |a El Berguedà : |b una comarca d'industrialització antiga / Carme Miralles i Guasch ... [et al.] ; prologat per Antoni Serra i Martí | ||
| 260 | |a Barcelona : |b Caixa d'Estalvis de Catalunya, |c 1990 | ||
| 300 | |a XI, 237 p. ; |c 24 cm | ||
| 490 | |a Catalunya comarcal | ||
| 650 | 0 | |a Berguedà (Catalunya) |x Condicions econòmiques |9 33775 | |
| 700 | |a Miralles i Guasch, Carme |9 22476 | ||
| 700 | |a Serra i Martí, Antoni, pr. |9 22477 | ||
| 710 | 2 | |a Caixa de Catalunya |9 53090 | |
| 901 | |a Arxiu | ||
| 942 | |n 1 | ||
| 952 | |0 0 |1 0 |4 0 |6 M230 |7 1 |9 42234 |a Arxiu |b Arxiu |d 2016-12-01 |l 0 |o M-2-30 |p 9064 |r 2016-12-01 00:00:00 |w 2016-12-01 |y ARXIU | ||
| 999 | |c 44681 |d 44681 | ||